একুশের স্মারকগ্রন্থ ‘৯২ / (Record no. 7205)
[ view plain ]
| 000 -LEADER | |
|---|---|
| fixed length control field | 00813nam a2200229 a 4500 |
| 001 - CONTROL NUMBER | |
| JCCL Control Number | 7205 |
| 003 - CONTROL NUMBER IDENTIFIER | |
| JCCL marc code | BD-JhCC |
| 005 - DATE AND TIME OF LATEST TRANSACTION | |
| control field | 20180206122622.0 |
| 008 - FIXED-LENGTH DATA ELEMENTS--GENERAL INFORMATION | |
| fixed length control field | 180206s1992 bg |||| || | 000 0 ben d |
| 035 ## - SYSTEM CONTROL NUMBER | |
| system control number | (BD-JhCC)7205 |
| 040 ## - CATALOGING SOURCE | |
| Original cataloging agency | BD-JhCC |
| Modifying agency | BD-JhCC |
| 041 ## - LANGUAGE CODE | |
| Language code of Book | ben |
| 082 ## - DEWEY DECIMAL CLASSIFICATION NUMBER | |
| Classification number | 891.4409 |
| Author mark and Year | AKU 1992 |
| 245 ## - TITLE STATEMENT | |
| Title | একুশের স্মারকগ্রন্থ ‘৯২ / |
| Statement of responsibility, etc | শামসুজ্জামান খান, সুব্রত বড়ুয়া এবং সেলিনা হোসেন |
| 260 ## - PUBLICATION, DISTRIBUTION, ETC. (IMPRINT) | |
| Place of publication, distribution, etc | ঢাকা : |
| Name of publisher, distributor, etc | বাংলা একাডেমী, |
| Date of publication, distribution, etc | 1992 |
| 300 ## - PHYSICAL DESCRIPTION | |
| Pagination | 244 p. : |
| Dimensions | 22 cm. |
| 650 ## - SUBJECT ADDED ENTRY--TOPICAL TERM | |
| Topical term or geographic name as entry element | Bengali Literature |
| 700 ## - ADDED ENTRY--PERSONAL NAME | |
| Personal name | বড়ুয়া, সুব্রত |
| 700 ## - ADDED ENTRY--PERSONAL NAME | |
| Personal name | হোসেন, সেলিনা |
| 942 ## - ADDED ENTRY ELEMENTS (KOHA) | |
| Source of classification or shelving scheme | Dewey Decimal Classification |
| Koha item type | Books |
| Source of classification or shelving scheme | Damaged status | Not for loan | Home library | Current library | Shelving location | Date of accession | Cost, normal purchase price | Total Checkouts | Full call number | Barcode | Date last seen | Copy number | Koha item type |
|---|---|---|---|---|---|---|---|---|---|---|---|---|---|
| Dewey Decimal Classification | JCC Rouf Library | JCC Rouf Library | General Stacks | 02/06/2018 | 60.00 | 891.4409 AKU 1992 | 9714 | 02/06/2018 | C-1 | Books |